01005nam a2200205 i 450000100060000000300090000600500170001500700030003200800410003510000230007624502220009926000520032130000300037349001440040365000320054765100310057970000240061083001440063485200210077838703ES-MaACL20230906155814.0t|140423s1897 it |||| | ita d1 aStein, Lorenz von.13aLa scienza della pubblica amministrazione b: compendio del Trattato e del Manuale di Scienza della Pubblica Amministrazione ad uso degli italiani / secondo L. von Stein ; prefazione del Comm. prof. Attilio Brunialti. aTorino : bUnione Tipografico-Editrice, c1897. aLXXIX, 1068 p. ; c24 cm.1 aBiblioteca di science politiche e amministrative: scelta collezione... Seconda serie: Opere d'Diritto Amministrativo e Costitucionale ; v104aAdministración pública. 4aItalia-xAdministración.1 aBrunialti, Attilio.0 aBiblioteca di science politiche e amministrative: scelta collezione... Seconda serie: Opere d'Diritto Amministrativo e Costitucionale ; v1 aES-MaACLjB-9323